000 00530nam a2200169 4500
001 123894
003 ES-MaACL
005 20230906192253.0
007 t|
008 070214s1959 mx r ||||1| spa d
100 1 _aRamírez Corria, Filiberto.
_995127
245 1 0 _aExcerta de una isla mágica
_b: o Biografía de un latifundio /
_cFiliberto Ramírez Corria.
260 _aMéxico :
_bOlimpo,
_c1959.
300 _a369 p., 28 lám. ;
_c23 cm.
740 0 _aBiografía de un latifundio.
852 _aES-MaACL
_jA-5629
_bR.93755
999 _c123894
_d123894